|
|
|
|
| LEADER |
00000nam a2200000 a 4500 |
| 001 |
vtls008996412 |
| 003 |
SK-MaSNL |
| 005 |
20260301124927.0 |
| 008 |
240314s2007 xo f 000 0 slo |
| 015 |
|
|
|a SNBA2007/07-03172
|
| 020 |
|
|
|a 9788080454371
|q (brož.)
|
| 035 |
|
|
|a CF6AE517-2DC9-4A82-B44E-13180C55EB9D
|
| 035 |
|
|
|a urn:nbn:sk:snk-amk7dg
|
| 035 |
|
|
|a urn:nbn:sk:snk-am008j8x
|
| 040 |
|
|
|a SNK
|b slo
|c SNK
|e AACR2
|
| 041 |
0 |
|
|a slo
|
| 044 |
|
|
|a xo
|c SK
|
| 072 |
|
7 |
|a 336.1/.5
|x Verejné financie
|2 konspekt
|
| 080 |
|
|
|a 336.22
|2 2001
|
| 080 |
|
|
|a 351.72
|2 2001
|
| 080 |
|
|
|a (076.5)
|2 2001
|
| 080 |
|
|
|a (075.3)
|2 2001
|
| 080 |
|
|
|a (041)
|2 2001
|
| 100 |
1 |
|
|a Marečáková, Tatiana
|4 aut
|9 474112
|
| 245 |
1 |
0 |
|a Praktikum príkladov z daňovej sústavy
|b práca 2. kvalifikačnej skúšky
|c Tatiana Marečáková
|
| 250 |
|
|
|a 1. vyd.
|
| 260 |
|
|
|a V Prešove
|b Metodicko-pedagogické centrum
|c 2007
|
| 300 |
|
|
|a 28 s.
|c 21 cm
|
| 366 |
|
|
|e 100 výtl. Nepredajné!
|
| 650 |
0 |
7 |
|a dane
|2 SNKPH
|9 2123
|
| 655 |
|
7 |
|a učebnice stredných škôl
|2 SNKPH
|9 69323
|
| 655 |
|
7 |
|a praktické cvičenia
|2 SNKPH
|9 70517
|
| 655 |
|
7 |
|a brožúry
|2 SNKPH
|9 70146
|
| 752 |
|
|
|a Slovensko
|d Prešov
|
| 919 |
|
|
|a 978-80-8045-437-1
|
| 958 |
|
|
|a OND
|
| 968 |
|
|
|d 37
|
| 999 |
|
|
|c 740939
|d 742869
|
| 952 |
|
|
|a SNK
|b SNK
|y PREZ
|7 0
|p 17A0554040
|o snkSC 128224
|i snk2007/14670
|8 0
|0 0
|1 0
|4 0
|d 2007-06-06
|f 1
|l 0
|r 2025-06-17 00:00:00
|w 2026-02-23
|
| 952 |
|
|
|a SNK
|b SNK
|y VYP
|7 0
|p 17A0554041
|o snkSC 128224 D1
|i snk2007/14671
|8 0
|0 0
|1 0
|4 0
|d 2007-06-06
|l 0
|r 2026-02-23 22:58:47
|w 2026-02-23
|